[Event "Campeonato Individual Provincial Primera"]
[Site "C/ Isaac Peral, 67 - Burjassot"]
[Date "2011.11.19"]
[Round "6"]
[White "Lopez Fernandez, Fernando"]
[Black "Vera Juan, Andreu"]
[Result "1/2-1/2"]
[WhiteElo "1678"]
[BlackElo "1708"]
[PlyCount "121"]
[EventDate "2011.10.01"]
[EventRounds "7"]
[EventCountry "ESP"]

1. e4 c5 2. Nf3 g6 3. d4 cxd4 4. Nxd4 Bg7 5. Be3 Nc6 6. c3 a6 7. Bc4 e6 8. Nd2
Nge7 9. Bb3 O-O 10. f4 Na5 11. Bc2 d5 12. O-O Nac6 13. N2f3 Nxd4 14. Nxd4 dxe4
15. Bxe4 Nd5 16. Bc1 Rb8 17. a4 Qd6 18. Qf3 Nb6 19. Ne2 Nd7 20. Be3 Nc5 21.
Rfd1 Qe7 22. Bc2 b6 23. Rd2 Bb7 24. Qf2 Rfd8 25. Rad1 Rxd2 26. Rxd2 Rd8 27.
Bxc5 bxc5 28. Ng3 Rxd2 29. Qxd2 Qc7 30. Ne4 Bxe4 31. Bxe4 Bh6 32. g3 e5 33. Qd5
exf4 34. g4 a5 35. g5 Bf8 36. h4 Qd6 37. Kf2 Qxd5 38. Bxd5 Kg7 39. Kf3 Bd6 40.
Kg4 f6 41. h5 gxh5+ 42. Kxh5 fxg5 43. Kxg5 h6+ 44. Kf5 Kf8 45. Kg6 Ke7 46. Kxh6
Kf6 47. Kh5 Ke5 48. Bf3 Be7 49. Kg4 Bd8 50. Bc6 Bc7 51. Kf3 c4 52. Bb7 Bd6 53.
Ke2 Be7 54. Kd2 Bh4 55. Kc2 Bf2 56. b3 cxb3+ 57. Kxb3 Be1 58. Kc2 Kd6 59. Kd3
Bf2 60. c4 Kc5 61. Ba6 1/2-1/2

[Event "Campeonato Individual Provincial Primera"]
[Site "C/ Isaac Peral, 67 - Burjassot"]
[Date "2011.11.19"]
[Round "6"]
[White "Garcia Peinado, Borja"]
[Black "Rull Costa, Baltasar"]
[Result "1-0"]
[WhiteElo "1727"]
[BlackElo "1817"]
[PlyCount "85"]
[EventDate "2011.10.01"]
[EventRounds "7"]
[EventCountry "ESP"]

1. c4 Nf6 2. Nc3 e6 3. g3 Be7 4. Bg2 O-O 5. e3 c6 6. Nge2 d5 7. cxd5 exd5 8. h3
Na6 9. a3 Nc5 10. d4 Ne6 11. Bd2 Re8 12. b4 Bd6 13. Qb3 Qb6 14. Na4 Qc7 15. Nc5
b6 16. Nxe6 Rxe6 17. Rc1 Ba6 18. Nc3 Bc4 19. Qc2 Bxg3 20. e4 Nxe4 21. Nxe4 f5
22. Be3 fxe4 23. fxg3 Qxg3+ 24. Qf2 Qg6 25. Rg1 Rf6 26. Qh4 Raf8 27. Qg4 Qe8
28. Qg3 Qe7 29. Bg5 Qd6 30. Qxd6 Rxd6 31. Be7 Rdf6 32. Bxf8 Kxf8 33. Kd2 Rf2+
34. Ke3 Re2+ 35. Kf4 h6 36. Bf1 Rf2+ 37. Ke5 b5 38. Bxc4 bxc4 39. Rgf1 Rxf1 40.
Rxf1+ Ke7 41. b5 cxb5 42. Kxd5 e3 43. Re1 1-0

[Event "Campeonato Individual Provincial Primera"]
[Site "C/ Isaac Peral, 67 - Burjassot"]
[Date "2011.11.19"]
[Round "6"]
[White "Montoliu Costa, Francisco"]
[Black "Cubells Izquierdo, Jose"]
[Result "0-1"]
[WhiteElo "1703"]
[BlackElo "1747"]
[PlyCount "48"]
[EventDate "2011.10.01"]
[EventRounds "7"]
[EventCountry "ESP"]

1. d4 Nf6 2. c4 e6 3. Nc3 d5 4. cxd5 Nxd5 5. e4 Nxc3 6. bxc3 Be7 7. Nf3 O-O 8.
Bd3 c5 9. O-O b6 10. Qc2 Ba6 11. Rd1 Bxd3 12. Rxd3 Qc7 13. Bb2 cxd4 14. Nxd4
Na6 15. a3 Nc5 16. Rg3 Bf6 17. Rh3 g6 18. Qe2 Rfd8 19. Qe3 Bg7 20. Qe2 Qf4 21.
f3 e5 22. Nc6 Rd2 23. Qb5 Qe3+ 24. Kh1 Nd3 0-1

[Event "Campeonato Individual Provincial Primera"]
[Site "C/ Isaac Peral, 67 - Burjassot"]
[Date "2011.11.19"]
[Round "6"]
[White "Villanueva Molina, Fernando"]
[Black "Guillem Mora, Carlos"]
[Result "0-1"]
[WhiteElo "1783"]
[BlackElo "1737"]
[PlyCount "40"]
[EventDate "2011.10.01"]
[EventRounds "7"]
[EventCountry "ESP"]

1. e4 c5 2. Nf3 Nc6 3. d4 cxd4 4. Nxd4 g6 5. Bb5 Bg7 6. Bxc6 bxc6 7. Be3 c5 8.
Nb3 Bxb2 9. N1d2 Bxa1 10. Qxa1 Nf6 11. e5 Nd5 12. Bh6 Rg8 13. c4 Nb4 14. O-O g5
15. Ne4 Qb6 16. a3 Na6 17. Re1 Qxh6 18. Nf6+ exf6 19. exf6+ Kd8 20. Qe5 Qf8 0-1

[Event "Campeonato Individual Provincial Primera"]
[Site "C/ Isaac Peral, 67 - Burjassot"]
[Date "2011.11.26"]
[Round "7"]
[White "Mir Latorre, Angel"]
[Black "Martinez De Lejarza, Ignacio"]
[Result "1/2-1/2"]
[WhiteElo "1879"]
[BlackElo "1766"]
[PlyCount "59"]
[EventDate "2011.10.01"]
[EventRounds "7"]
[EventCountry "ESP"]

1. c4 Nf6 2. Nc3 e6 3. e4 d6 4. d4 b6 5. Bd3 Nbd7 6. f3 a6 7. Nge2 c5 8. Be3
cxd4 9. Nxd4 Qc7 10. O-O Bb7 11. Rc1 Rc8 12. Qe1 g6 13. Qd2 Bg7 14. Be2 O-O 15.
Bh6 Qb8 16. Bxg7 Kxg7 17. Kh1 d5 18. cxd5 exd5 19. Nxd5 Nxd5 20. exd5 Nf6 21.
Nf5+ Kh8 22. Qd4 gxf5 23. Qxf6+ Kg8 24. Bd3 Rxc1 25. Rxc1 Qf4 26. Rd1 Bxd5 27.
Qxf5 Qxf5 28. Bxf5 Bxa2 29. Rd6 Re8 30. h3 1/2-1/2

[Event "Campeonato Individual Provincial Primera"]
[Site "C/ Isaac Peral, 67 - Burjassot"]
[Date "2011.11.26"]
[Round "7"]
[White "Cubells Vazquez, Pablo"]
[Black "Baviera Ibanez, Jorge"]
[Result "0-1"]
[WhiteElo "1436"]
[BlackElo "1779"]
[PlyCount "78"]
[EventDate "2011.10.01"]
[EventRounds "7"]
[EventCountry "ESP"]

1. e4 c6 2. c4 e5 3. Nf3 d6 4. Nc3 Be6 5. d3 h6 6. Be2 Nf6 7. h3 Be7 8. Be3
Nbd7 9. O-O O-O 10. Qd2 Qc7 11. Rac1 Rfe8 12. Rfe1 Nf8 13. Nh2 b6 14. Nf1 Qb7
15. Bf3 Rad8 16. Qc2 Ng6 17. Ng3 Qd7 18. Kh2 Kh7 19. Rcd1 Nh4 20. Qe2 Rg8 21.
Rg1 Kh8 22. Qd2 Bxh3 23. Rh1 g5 24. Kg1 Bg4 25. Bxg4 Qxg4 26. Qe1 Nh5 27. Nce2
Ng7 28. f3 Qe6 29. Bf2 f5 30. exf5 Ngxf5 31. Nxf5 Nxf5 32. g4 Nh4 33. Nd4 Qf7
34. Bxh4 gxh4 35. Nf5 Qxf5 36. Qe3 Qf4 37. Qf2 Rdf8 38. Rf1 d5 39. cxd5 Bc5 0-1

[Event "Campeonato Individual Provincial Primera"]
[Site "C/ Isaac Peral, 67 - Burjassot"]
[Date "2011.11.26"]
[Round "7"]
[White "Castillo Serrano, Jose"]
[Black "Hernandez Torralba, Sergio"]
[Result "1-0"]
[WhiteElo "1857"]
[BlackElo "1532"]
[PlyCount "61"]
[EventDate "2011.10.01"]
[EventRounds "7"]
[EventCountry "ESP"]

1. d4 Nf6 2. c4 g6 3. Nc3 d5 4. cxd5 Nxd5 5. e4 Nxc3 6. bxc3 Bg7 7. Bc4 c5 8.
Ne2 Nc6 9. Be3 O-O 10. O-O Bg4 11. f3 Na5 12. Bd3 cxd4 13. cxd4 Be6 14. Qd2 Nc4
15. Bxc4 Bxc4 16. Rfd1 Qd7 17. Rac1 Rac8 18. Ng3 Rfd8 19. d5 b6 20. Nh1 Qa4 21.
Rc2 Rd7 22. Nf2 Rcd8 23. Ng4 Rc8 24. Bd4 Bxd4+ 25. Qxd4 f6 26. Rdc1 b5 27. h4
Qb4 28. Qa1 Rd6 29. h5 Ra6 30. Kh1 Rc5 31. Rb2 1-0

[Event "Campeonato Individual Provincial Primera"]
[Site "C/ Isaac Peral, 67 - Burjassot"]
[Date "2011.11.26"]
[Round "7"]
[White "Aupi Royo, Juan Ignacio"]
[Black "Garcia Lopez, Francisco Javier"]
[Result "0-1"]
[WhiteElo "1816"]
[BlackElo "1887"]
[PlyCount "92"]
[EventDate "2011.10.01"]
[EventRounds "7"]
[EventCountry "ESP"]

1. d4 d5 2. c4 e6 3. Nc3 f5 4. Nf3 Nf6 5. e3 Bd6 6. Nb5 Be7 7. cxd5 exd5 8. Bd3
O-O 9. Qc2 c6 10. Nc3 Ne4 11. Nd2 Bd6 12. Bxe4 fxe4 13. Nf1 Bg4 14. h3 Bh5 15.
g4 Bg6 16. Qe2 b5 17. Bd2 Nd7 18. Rc1 Qh4 19. Nd1 Rac8 20. a3 Nb6 21. Bb4 Bxb4+
22. axb4 Rf3 23. Ng3 Nc4 24. b3 Nd6 25. Rc3 h5 26. gxh5 Bxh5 27. Nxh5 Qxh5 28.
Rh2 Nf5 29. Kd2 Qh6 30. Kc2 Qd6 31. Rg2 Qxb4 32. Rg1 c5 33. dxc5 d4 34. Kb2
dxc3+ 35. Nxc3 Qxc5 36. Qd2 b4 37. Nd5 Kf7 38. Nxb4 Nd6 39. Rg4 Rb8 40. Qd5+
Qxd5 41. Nxd5 Rxf2+ 42. Kc3 Rf3 43. h4 Re8 44. Kd4 Nf5+ 45. Kc5 Nxe3 46. Nxe3
Rxe3 0-1

[Event "Campeonato Individual Provincial Primera"]
[Site "C/ Isaac Peral, 67 - Burjassot"]
[Date "2011.11.26"]
[Round "7"]
[White "Cubells Izquierdo, Jose"]
[Black "Lopez Fernandez, Fernando"]
[Result "0-1"]
[WhiteElo "1747"]
[BlackElo "1678"]
[PlyCount "120"]
[EventDate "2011.10.01"]
[EventRounds "7"]
[EventCountry "ESP"]

1. e4 c5 2. Nf3 d6 3. d4 cxd4 4. Nxd4 Nf6 5. Nc3 a6 6. f3 Bd7 7. Be3 e6 8. Qd2
Be7 9. O-O-O b5 10. g4 h6 11. h4 Nc6 12. Nxc6 Bxc6 13. Qf2 Nd7 14. Bf4 b4 15.
Ne2 Nc5 16. Bxd6 Bxd6 17. e5 Qb6 18. Qe3 Be7 19. Nd4 Bd5 20. Bg2 Bxa2 21. f4
Rc8 22. Rhe1 Bxh4 23. Re2 Bc4 24. Kb1 Bxe2 25. Qxe2 b3 26. cxb3 Nxb3 27. Nxb3
Qxb3 28. Rd3 Qb4 29. Qe3 O-O 30. Rd1 Rc3 31. Qxc3 Qxf4 32. Rd4 Qxe5 33. Bf3 Bf6
34. Rc4 Qb5 35. Qb4 Rb8 36. Qxb5 Rxb5 37. Rc2 g6 38. Ka2 Kg7 39. Ka3 h5 40.
gxh5 gxh5 41. Rg2+ Kh6 42. b3 Rf5 43. Be2 a5 44. Rg8 h4 45. Rg1 Rf2 46. Bd1
Be7+ 47. Ka4 Ra2+ 48. Kb5 h3 49. Rg8 h2 50. Bf3 Rf2 51. Bh1 Bb4 52. Be4 f5 53.
Bh1 e5 54. Kc4 Kh5 55. Kd3 Kh4 56. Ke3 Bc5+ 57. Kd3 Rf1 58. Rh8+ Kg3 59. Rg8+
Kf4 60. Bg2 Rg1 0-1

[Event "Campeonato Individual Provincial Primera"]
[Site "C/ Isaac Peral, 67 - Burjassot"]
[Date "2011.11.26"]
[Round "7"]
[White "Guillem Mora, Carlos"]
[Black "Tamarit Palanca, Jesus"]
[Result "1-0"]
[WhiteElo "1737"]
[BlackElo "1684"]
[PlyCount "79"]
[EventDate "2011.10.01"]
[EventRounds "7"]
[EventCountry "ESP"]

1. d4 Nf6 2. Nf3 g6 3. Bf4 Bg7 4. e3 b6 5. Be2 Bb7 6. c4 d6 7. Nc3 Nbd7 8. h3
O-O 9. O-O Ne4 10. Nd2 Nxc3 11. bxc3 e5 12. Bh2 f5 13. Bf3 e4 14. Be2 Qf6 15.
c5 bxc5 16. Qb3+ Kh8 17. Qxb7 cxd4 18. cxd4 Qd8 19. Rac1 Rc8 20. Ba6 Nb6 21.
Qc6 Rb8 22. Qxc7 Qg5 23. Qxd6 Rbd8 24. Qc7 Nd5 25. Qg3 Qh6 26. Bc4 f4 27. exf4
Nxf4 28. Nxe4 Rxd4 29. Qe3 Qh4 30. Bxf4 Re8 31. f3 h6 32. Rfd1 Red8 33. Be2
R4d7 34. Rxd7 Rxd7 35. Rc8+ Kh7 36. Bg3 Qe7 37. Qb3 Bf8 38. Bb5 Rb7 39. Bd6 Qh4
40. Rxf8 1-0

[Event "Campeonato Individual Provincial Primera"]
[Site "C/ Isaac Peral, 67 - Burjassot"]
[Date "2011.11.26"]
[Round "7"]
[White "Vera Juan, Andreu"]
[Black "Marques Montoliu, Luis"]
[Result "1-0"]
[WhiteElo "1708"]
[BlackElo "1732"]
[PlyCount "83"]
[EventDate "2011.10.01"]
[EventRounds "7"]
[EventCountry "ESP"]

1. e4 d5 2. exd5 Qxd5 3. Nc3 Qa5 4. d4 c6 5. Bd2 Bf5 6. Nf3 e6 7. Be2 Nf6 8.
O-O Be7 9. Ne4 Qd8 10. Ng3 Bg6 11. c3 Nbd7 12. Re1 Ne4 13. Nxe4 Bxe4 14. Bc4
Bg6 15. a4 a5 16. h3 O-O 17. Qb3 Nb6 18. Ne5 Nxc4 19. Nxc4 Qc7 20. g3 Bd6 21.
Nxd6 Qxd6 22. Bf4 Qd7 23. Be5 Bd3 24. Qd1 Ba6 25. Qg4 f6 26. Bf4 Rae8 27. Kh2
Qf7 28. Bd6 Bd3 29. Bxf8 Kxf8 30. Re3 Bf5 31. Qf4 g5 32. Qf3 h5 33. g4 hxg4 34.
hxg4 Bc2 35. Rae1 Bb3 36. Qe2 Kg7 37. c4 Rh8+ 38. Kg2 Qc7 39. Rh1 Rxh1 40. Kxh1
Ba2 41. Rxe6 Kg6 42. Qe4+ 1-0

[Event "Campeonato Individual Provincial Primera"]
[Site "C/ Isaac Peral, 67 - Burjassot"]
[Date "2011.11.26"]
[Round "7"]
[White "Garcia Peinado, Borja"]
[Black "Del Rosario Hervas, Enrique Mar"]
[Result "1-0"]
[WhiteElo "1727"]
[BlackElo "1621"]
[PlyCount "131"]
[EventDate "2011.10.01"]
[EventRounds "7"]
[EventCountry "ESP"]

1. c4 Nf6 2. Nc3 e5 3. g3 d6 4. Bg2 Nc6 5. e3 Be7 6. Nge2 O-O 7. O-O Be6 8. d3
Qc8 9. a3 Bh3 10. b4 Bxg2 11. Kxg2 a6 12. Bb2 Qd7 13. Qb3 Qf5 14. Rad1 h5 15.
e4 Qe6 16. Nd5 Bd8 17. f4 Ng4 18. h3 Nf6 19. f5 Qd7 20. Bc1 Nxd5 21. cxd5 Nb8
22. Qb2 Bf6 23. g4 hxg4 24. hxg4 g5 25. Ng3 Qe7 26. Nh5 Nd7 27. Qd2 c5 28.
Nxf6+ Qxf6 29. Qxg5+ Qxg5 30. Bxg5 f6 31. Bd2 Kf7 32. Rh1 Rg8 33. Kf3 Rg7 34.
Rh5 Rag8 35. Rg1 b6 36. Rh4 Rc8 37. Rc1 b5 38. Be3 c4 39. dxc4 bxc4 40. Rh2 c3
41. Rcc2 Rcg8 42. Rh4 Rc8 43. Bf2 Nf8 44. Be1 Kg8 45. Rxc3 Rxc3+ 46. Bxc3 Rc7
47. Bd2 Rc2 48. Ke2 Ra2 49. Rh3 Nd7 50. Rg3 Nb6 51. Kd1 Nc4 52. Bc1 Rh2 53. g5
Rh1+ 54. Kc2 fxg5 55. Bxg5 Kf7 56. Rc3 Rh2+ 57. Kb3 Nb6 58. Rc6 Rh3+ 59. Ka2
Rh2+ 60. Kb1 Rh1+ 61. Bc1 Na4 62. Kc2 Rh3 63. Rxa6 Nc3 64. Rxd6 Nxe4 65. Re6
Nf2 66. Rxe5 1-0

[Event "Campeonato Individual Provincial Primera"]
[Site "C/ Isaac Peral, 67 - Burjassot"]
[Date "2011.11.26"]
[Round "7"]
[White "Raimundo Medina, Fermin"]
[Black "Martinez Jimenez, Francisco Ii"]
[Result "1-0"]
[WhiteElo "1699"]
[BlackElo "1580"]
[PlyCount "96"]
[EventDate "2011.10.01"]
[EventRounds "7"]
[EventCountry "ESP"]

1. e4 c5 2. Nf3 d6 3. d4 cxd4 4. Nxd4 Nf6 5. Nc3 a6 6. f3 e5 7. Nb3 Be6 8. Be3
Be7 9. Qd2 b5 10. O-O-O O-O 11. g4 b4 12. Nd5 Bxd5 13. exd5 a5 14. Kb1 a4 15.
Nc1 b3 16. cxb3 a3 17. h4 axb2 18. Kxb2 Qa5 19. Qxa5 Rxa5 20. Bb6 Rxd5 21. Bc4
Rxd1 22. Rxd1 Nc6 23. g5 Nh5 24. a4 Bd8 25. Rxd6 Bxb6 26. Rxc6 Bd4+ 27. Ka3 Bf2
28. Nd3 Bxh4 29. Nxe5 Bxg5 30. Nxf7 Be7+ 31. Nd6+ Kh8 32. Kb2 g6 33. Nf7+ Kg7
34. a5 Nf4 35. a6 Nd3+ 36. Bxd3 Rxf7 37. a7 Bf6+ 38. Rxf6 Rxa7 39. Rb6 g5 40.
Be4 Re7 41. Rb7 Rxb7 42. Bxb7 h5 43. Bc8 Kf6 44. Kc3 Ke5 45. Kd3 Kf4 46. Ke2 g4
47. fxg4 hxg4 48. Bxg4 Kxg4 1-0

[Event "Campeonato Individual Provincial Primera"]
[Site "C/ Isaac Peral, 67 - Burjassot"]
[Date "2011.11.26"]
[Round "7"]
[White "Pinazo Hernandez, Miguel"]
[Black "Lopez Diaz, Rafael"]
[Result "1-0"]
[WhiteElo "1492"]
[BlackElo "1824"]
[PlyCount "27"]
[EventDate "2011.10.01"]
[EventRounds "7"]
[EventCountry "ESP"]

1. d4 f5 2. Nc3 Nf6 3. Nf3 e6 4. Bg5 Be7 5. e3 c5 6. Bc4 Nc6 7. d5 Na5 8. Ne5
Bd6 9. f4 Bxe5 10. fxe5 h6 11. Bxf6 gxf6 12. Qh5+ Kf8 13. dxe6 Nxc4 14. Qf7#
1-0

[Event "PRIMERA Gandia 2011"]
[Site "Gandia"]
[Date "2011.10.01"]
[Round "1"]
[White "Benavent Tormo, Alfonso"]
[Black "Basilio Rodriguez, Jose Manuel"]
[Result "0-1"]
[WhiteElo "1774"]
[BlackElo "1907"]
[PlyCount "91"]
[EventDate "2011.10.01"]
[EventRounds "7"]
[EventCountry "ESP"]

1. e4 e6 2. d4 d5 3. e5 c5 4. Nf3 Nc6 5. Be3 Qb6 6. b3 Nh6 7. c3 Nf5 8. dxc5
Bxc5 9. Bxc5 Qxc5 10. Be2 O-O 11. O-O b5 12. b4 Qb6 13. Na3 a6 14. Nc2 Qc7 15.
Ncd4 Nfe7 16. Nxc6 Nxc6 17. Rc1 Nxe5 18. Bd3 Ng6 19. Qc2 e5 20. Bxg6 hxg6 21.
Rfd1 Rd8 22. Qb3 Bb7 23. Qc2 Rac8 24. Qe2 f6 25. Nh4 Qc4 26. Qxc4 Rxc4 27. g3
Kh7 28. Ng2 Rdc8 29. Ne3 Rxc3 30. Rxc3 Rxc3 31. Nxd5 Bxd5 32. Rxd5 Rc2 33. a4
bxa4 34. Ra5 Rc6 35. Rxa4 Rb6 36. Kf1 Kg8 37. Ke2 Kf7 38. Kd3 Ke6 39. Kc4 Rc6+
40. Kb3 Kd5 41. Ra2 Ke4 42. h4 Kd3 43. Ka4 Rc2 44. Ra3+ Kc4 45. Rb3 Rxf2 46.
Ka5 0-1

[Event "PRIMERA Gandia 2011"]
[Site "Gandia"]
[Date "2011.10.01"]
[Round "1"]
[White "Munoz, Minana Francisco Jav"]
[Black "Olivares Ruiz, Pedro"]
[Result "0-1"]
[WhiteElo "1829"]
[BlackElo "1743"]
[PlyCount "76"]
[EventDate "2011.10.01"]
[EventRounds "7"]
[EventCountry "ESP"]

1. e4 d6 2. d4 g6 3. Bc4 Bg7 4. Nc3 c6 5. Qf3 e6 6. Be3 d5 7. exd5 exd5 8. Bd3
Nf6 9. Qd1 Bg4 10. Be2 Bxe2 11. Ngxe2 O-O 12. O-O Re8 13. Ng3 Nbd7 14. Qd3 Ng4
15. h3 Nxe3 16. fxe3 Qe7 17. e4 dxe4 18. Ngxe4 Rad8 19. Rae1 Qb4 20. Ne2 f5 21.
Ng5 Nb6 22. c3 Qxb2 23. Rf2 Qxa2 24. Nf3 Qc4 25. Qc2 Re3 26. Nd2 Qf7 27. Nf1
Re7 28. Kh1 Rde8 29. Nfg3 Nc4 30. h4 Ne3 31. Qb2 Ng4 32. Rf3 h5 33. Ref1 Ne3
34. R1f2 Nd1 35. Qd2 Nxf2+ 36. Rxf2 Kh7 37. Qf4 Bh6 38. Qf3 Re3 0-1

[Event "PRIMERA Gandia 2011"]
[Site "Gandia"]
[Date "2011.10.01"]
[Round "1"]
[White "Cerda Revert, Jose Maria"]
[Black "Morant Gomar, Oscar"]
[Result "1-0"]
[WhiteElo "1769"]
[BlackElo "1670"]
[PlyCount "87"]
[EventDate "2011.10.01"]
[EventRounds "7"]
[EventCountry "ESP"]

1. e4 e5 2. Nf3 Nf6 3. Nc3 Nc6 4. h3 Bb4 5. Bb5 d6 6. d3 O-O 7. O-O a6 8. Ba4
Bd7 9. Bd2 h6 10. a3 Bc5 11. Be3 Nd4 12. Bxd7 Qxd7 13. Rc1 b5 14. Na2 Qe6 15.
Nc3 c6 16. Bxd4 exd4 17. Ne2 Rac8 18. Nexd4 Bxd4 19. Nxd4 Qe5 20. c3 d5 21. f4
Qc7 22. e5 Nd7 23. Qg4 Kh7 24. h4 g6 25. h5 Rg8 26. Rf3 Rg7 27. hxg6+ Rxg6 28.
Qf5 Rcg8 29. Qxf7+ Kh8 30. Rc2 Qc8 31. Nf5 Nf8 32. Ne7 Qg4 33. Nxg6+ Nxg6 34.
Qf6+ Rg7 35. Kh2 Nh4 36. Rh3 Nf5 37. Rf2 h5 38. Qxc6 h4 39. Qxd5 Ng3 40. Qd8+
Kh7 41. Rxh4+ Nh5 42. Rxg4 Rxg4 43. f5 Rh4+ 44. Qxh4 1-0

[Event "PRIMERA Gandia 2011"]
[Site "Gandia"]
[Date "2011.10.01"]
[Round "1"]
[White "Sanmateu Juan, Sergio"]
[Black "Ferri Guerrero, Gabriel"]
[Result "1-0"]
[WhiteElo "1672"]
[BlackElo "1506"]
[PlyCount "51"]
[EventDate "2011.10.01"]
[EventRounds "7"]
[EventCountry "ESP"]

1. e4 e6 2. d4 d5 3. exd5 exd5 4. Nf3 Nf6 5. Nc3 c6 6. Bf4 Bf5 7. Bd3 Bxd3 8.
Qxd3 Bd6 9. Bg3 O-O 10. O-O-O Nh5 11. Ne2 Bxg3 12. hxg3 Nf6 13. Ng5 h6 14. Rh3
Re8 15. Rdh1 Ne4 16. Nxe4 dxe4 17. Qe3 Qd6 18. g4 Re6 19. g5 Kh7 20. Nf4 Re7
21. Nh5 Nd7 22. Nxg7 Kxg7 23. Rxh6 f6 24. gxf6+ Nxf6 25. Qg5+ Kf7 26. Qg6+ 1-0

[Event "PRIMERA Gandia 2011"]
[Site "Gandia"]
[Date "2011.10.01"]
[Round "1"]
[White "Parra Boronat, Mar"]
[Black "Alcaraz Moreno, Sergio"]
[Result "0-1"]
[WhiteElo "1459"]
[BlackElo "1645"]
[PlyCount "28"]
[EventDate "2011.10.01"]
[EventRounds "7"]
[EventCountry "ESP"]

1. e4 e5 2. Nf3 Nc6 3. Bc4 Bc5 4. d3 Nf6 5. Be3 Bb6 6. Nc3 O-O 7. d4 d6 8. Bb5
Bd7 9. Bxc6 Bxc6 10. dxe5 dxe5 11. Nxe5 Bxe4 12. Nxe4 Nxe4 13. Qg4 Bxe3 14.
fxe3 Qd2+ 0-1

[Event "PRIMERA Gandia 2011"]
[Site "Gandia"]
[Date "2011.10.15"]
[Round "2"]
[White "Basilio Rodriguez, Jose Manuel"]
[Black "Tormo Bas, Gonzalo"]
[Result "1-0"]
[WhiteElo "1907"]
[BlackElo "1617"]
[PlyCount "77"]
[EventDate "2011.10.01"]
[EventRounds "7"]
[EventCountry "ESP"]

1. d4 Nf6 2. c4 g6 3. Nf3 Bg7 4. g3 O-O 5. Bg2 c6 6. O-O d6 7. Re1 Nbd7 8. e4
e5 9. d5 c5 10. Nc3 Re8 11. Nh4 a6 12. a4 Qe7 13. Bf1 Qf8 14. a5 Bh6 15. f4
exf4 16. gxf4 Qe7 17. Qf3 Qd8 18. Ng2 Nh5 19. Bd3 Qf6 20. Qf2 Bg7 21. Be3 Qd8
22. Qc2 Nhf6 23. Bf2 Ng4 24. Bg3 Bd4+ 25. Kh1 g5 26. Qe2 h5 27. h3 gxf4 28.
Bxf4 Nf2+ 29. Kh2 Nxd3 30. Qxd3 Ne5 31. Qe2 Qf6 32. Qxh5 Nxc4 33. Rg1 Bxg1+ 34.
Rxg1 Ne5 35. Nh4+ Ng6 36. Nxg6 Qd4 37. Nh4+ Kf8 38. Qh6+ Ke7 39. Qxd6# 1-0

[Event "PRIMERA Gandia 2011"]
[Site "Gandia"]
[Date "2011.10.15"]
[Round "2"]
[White "Garcia Martinez, Vicente"]
[Black "Cerda Revert, Jose Maria"]
[Result "1/2-1/2"]
[WhiteElo "1629"]
[BlackElo "1769"]
[PlyCount "47"]
[EventDate "2011.10.01"]
[EventRounds "7"]
[EventCountry "ESP"]

1. e4 e6 2. d4 d5 3. Nc3 Bb4 4. exd5 exd5 5. Nge2 h6 6. a3 Ba5 7. b4 Bb6 8. Na4
c6 9. Nxb6 Qxb6 10. Bf4 Nd7 11. c3 Ngf6 12. Ng3 Nf8 13. Be2 Ng6 14. Be3 O-O 15.
O-O Be6 16. f4 Bd7 17. Nh5 Ne4 18. Qc2 f5 19. Bd3 Rae8 20. Bxe4 Rxe4 21. Qf2
Rfe8 22. Rfe1 Qd8 23. Ng3 R4e7 24. Bd2 1/2-1/2

[Event "PRIMERA Gandia 2011"]
[Site "Gandia"]
[Date "2011.10.15"]
[Round "2"]
[White "Pons Botella, Jose Antonio"]
[Black "Munoz, Minana Francisco Jav"]
[Result "1-0"]
[WhiteElo "1743"]
[BlackElo "1829"]
[PlyCount "90"]
[EventDate "2011.10.01"]
[EventRounds "7"]
[EventCountry "ESP"]

1. d4 d5 2. c4 e6 3. Nf3 Nf6 4. g3 Be7 5. Bg2 O-O 6. Qc2 Re8 7. O-O Nbd7 8.
Nbd2 c5 9. b3 cxd4 10. Nxd4 Bc5 11. e3 Rb8 12. Bb2 Bxd4 13. exd4 b6 14. Rfd1
Bb7 15. Rac1 Qe7 16. Qd3 Ba6 17. Qe3 Ng4 18. Qf4 Ngf6 19. Nf3 Rbc8 20. Bf1 Bb7
21. Ne5 dxc4 22. Nxc4 Nd5 23. Qd2 b5 24. Na5 Ba8 25. Bxb5 Qd6 26. Nc4 Rxc4 27.
Bxc4 N7f6 28. Qe2 Nd7 29. Bd3 g6 30. Be4 f5 31. Bg2 N7f6 32. Qe5 Qd8 33. h3 Qd7
34. Rc2 Re7 35. Rdc1 Ne8 36. Ba3 Rf7 37. Qb8 Bb7 38. Qxa7 f4 39. Qb8 Kg7 40.
Qe5+ Kh6 41. g4 f3 42. Bf1 Rf4 43. Re1 Nef6 44. Bc1 g5 45. Bxf4 gxf4 1-0

[Event "PRIMERA Gandia 2011"]
[Site "Gandia"]
[Date "2011.10.15"]
[Round "2"]
[White "Fenollar Bataller, David"]
[Black "Parra Boronat, Mar"]
[Result "1-0"]
[WhiteElo "1850"]
[BlackElo "1459"]
[PlyCount "57"]
[EventDate "2011.10.01"]
[EventRounds "7"]
[EventCountry "ESP"]

1. b3 e5 2. Bb2 Nc6 3. e3 d5 4. Bb5 Bd7 5. Bxc6 Bxc6 6. Bxe5 Qg5 7. Bg3 Bd6 8.
Ne2 O-O-O 9. d4 Nf6 10. Nd2 Ne4 11. Nxe4 dxe4 12. O-O h5 13. Bxd6 Rxd6 14. Nf4
Bd7 15. h3 Qf6 16. f3 c5 17. c3 Bf5 18. Rc1 g5 19. fxe4 Bxe4 20. Nxh5 Qh6 21.
Qg4+ Re6 22. Ng3 Qg6 23. Nxe4 Rh4 24. Qxg5 Rhxe4 25. Qxc5+ Rc6 26. Qf8+ Kc7 27.
Rxf7+ Qxf7 28. Qxf7+ Kb6 29. d5 1-0

[Event "PRIMERA Gandia 2011"]
[Site "Gandia"]
[Date "2011.10.22"]
[Round "3"]
[White "Cerda Revert, Jose Maria"]
[Black "Pons Botella, Jose Antonio"]
[Result "0-1"]
[WhiteElo "1769"]
[BlackElo "1743"]
[PlyCount "82"]
[EventDate "2011.10.01"]
[EventRounds "7"]
[EventCountry "ESP"]

1. e4 e5 2. Nf3 Nf6 3. Nc3 Nc6 4. Bb5 Nd4 5. Ba4 Nxf3+ 6. Qxf3 c6 7. h3 Be7 8.
d3 O-O 9. Bb3 b5 10. a3 Bb7 11. O-O a6 12. Qf5 d6 13. Qf3 d5 14. exd5 cxd5 15.
Qf5 Qc7 16. Bg5 g6 17. Qf3 d4 18. Nxb5 axb5 19. Qe2 Bd5 20. Bxf6 Bxb3 21. Bxe5
Qxc2 22. Qe4 Rfe8 23. Rfc1 Qd2 24. Bf4 Qa5 25. Qxd4 Qd8 26. Qc3 Be6 27. Rd1 Bf6
28. d4 Qd5 29. Be3 Bg5 30. Qd2 Bxe3 31. fxe3 Rac8 32. Rac1 Qg5 33. Kh2 Bd5 34.
Rxc8 Rxc8 35. g3 Qf5 36. Qe1 Qe4 37. Rd2 Rc2 38. g4 g5 39. h4 Qh1+ 40. Qxh1
Rxd2+ 41. Kg3 Bxh1 0-1

[Event "PRIMERA Gandia 2011"]
[Site "Gandia"]
[Date "2011.10.22"]
[Round "3"]
[White "Olivares Ruiz, Pedro"]
[Black "Garcia Martinez, Vicente"]
[Result "1-0"]
[WhiteElo "1743"]
[BlackElo "1629"]
[PlyCount "105"]
[EventDate "2011.10.01"]
[EventRounds "7"]
[EventCountry "ESP"]

1. d4 Nf6 2. c4 e6 3. Nc3 c6 4. Nf3 h6 5. e3 Be7 6. Bd3 Na6 7. O-O O-O 8. a3
Nc7 9. e4 d6 10. Qe2 Re8 11. e5 dxe5 12. dxe5 Nd7 13. b4 b6 14. Bf4 Bb7 15.
Rad1 Qb8 16. Qe3 Nf8 17. Ne4 Ng6 18. Bg3 Rd8 19. h4 Rd7 20. h5 Nf8 21. Bf4 c5
22. b5 Bxe4 23. Bxe4 f5 24. Bxa8 Rxd1 25. Rxd1 Qxa8 26. Qd3 Qe8 27. Ne1 Qxh5
28. Qf3 Qe8 29. Qb7 g5 30. Bh2 Na8 31. a4 f4 32. Qxa7 Ng6 33. Qd7 Qb8 34. Qxe6+
Kg7 35. Rd7 Nc7 36. Rxe7+ Nxe7 37. Qxe7+ Kg8 38. g3 Qc8 39. Qf6 Qe6 40. Qxe6+
Nxe6 41. gxf4 gxf4 42. Kg2 Kf7 43. Nd3 f3+ 44. Kxf3 Nd4+ 45. Ke4 Ke6 46. f4 h5
47. Bg3 Nf5 48. Bh2 h4 49. a5 bxa5 50. Nxc5+ Ke7 51. Kxf5 h3 52. b6 Kd8 53. e6
1-0